Tìm lại bản sắc văn hoá Việt Nam : Cái nhìn hệ thống - loại hình /
Guardat en:
| Autor principal: | |
|---|---|
| Format: | Sách giấy |
| Idioma: | Vietnamese |
| Publicat: |
TP.HCM :
TP.HCM ,
1997
|
| Etiquetes: |
Afegir etiqueta
Sense etiquetes, Sigues el primer a etiquetar aquest registre!
|
| Thư viện lưu trữ: | Thư viện Trường Đại học Đà Lạt |
|---|
| LEADER | 00630nam a2200241 4500 | ||
|---|---|---|---|
| 001 | DLU020010763 | ||
| 005 | ##12/2/1999 | ||
| 041 | # | # | |a vie |
| 082 | # | # | |a 306.089 959 2 |b TR-T |
| 090 | # | # | |a 306.089 959 2 |b TR-T |
| 100 | # | # | |a Trần Ngọc Thêm |
| 245 | # | # | |a Tìm lại bản sắc văn hoá Việt Nam : |b Cái nhìn hệ thống - loại hình / |c Trần Ngọc Thêm |
| 260 | # | # | |a TP.HCM : |b TP.HCM , |c 1997 |
| 300 | # | # | |a 680 tr.; |c 21 cm. |
| 992 | # | # | |a 40000 |
| 994 | # | # | |a DLU |
| 900 | # | # | |a False |
| 911 | # | # | |a Administrator |
| 925 | # | # | |a G |
| 926 | # | # | |a A |
| 927 | # | # | |a SH |
| 980 | # | # | |a Thư viện Trường Đại học Đà Lạt |